Statistics for 《义勇军进行曲》——中华人民共和国国歌歌词Lyrics to PRC's National Anthem

Click here to take the quiz!

General Stats

  • This quiz has been taken 112 times
  • The average score is 17 of 18

Answer Stats

答案% Correct
起来!
100%
起来!
100%
起来!
100%
起来!
100%
不愿做奴隶的人们!
99%
中华民族到了
98%
把我们的血肉
96%
我们万众一心
96%
前进!
96%
前进!
96%
前进!
96%
前进!
96%
最危险的时候
95%
筑成我们新的长城
95%
冒着敌人的炮火
94%
冒着敌人的炮火
94%
每个人被迫着发出最后的吼声
79%
进!
74%

Score Distribution

Percentile by Number Answered

Percent of People with Each Score

Your Score History

You have not taken this quiz